Szczegóły MARC21

Heinrich von Ofterdingen : ein Roman /

003 -Nazwa inst., której nr kontr. jest w polu 001 [,]
    • @
    • Nazwa instytucji, której n kontrolny jest w polu 001
    • NUKAT
005 -DATA I CZAS OSTATNIEJ MODYFIKACJI [,]
    • @
    • pole kontrolne
    • 20250315033236.0
020 -Międzynarod. znormalizowany nr książki - ISBN [ , ]
    • a
    • Numer ISBN
    • 3150089395 Find
040 -Instytucja sporządzająca opis [ , ]
    • a
    • Instytucja, która sporządziła opis (NP)
    • LUBL U/Gbo
    • c
    • Instytucja, która sporządziła rekord (NP)
    • LUBL U/Gbo
    • d
    • Instytucja, która zmodyfikowała rekord (P)
    • LUBL U/EM
    • d
    • Instytucja, która zmodyfikowała rekord (P)
    • LUBL U/roks
942 -Rodzaj dokumentu [ , ]
    • c
    • Rodzaj dokumentu
    • Książka
100 -Hasło główne - nazwa osobowa [0, ]
    • a
    • Nazwa osobowa (NP)
    • Novalis
    • d
    • Daty biograficzne (NP)
    • (1772-1801).
    • 9
    • KHW
    • 17712
240 -Tytuł ujednolicony [1,0]
    • a
    • Tytuł ujednolicony
    • Heinrich von Ofterdingen
    • l
    • Język tekstu
    • (niem.)
    • 9
    • KHW
    • 419124
245 -Strefa tytułu i oznaczenia odpowiedzialności [1,0]
    • a
    • Tytuł
    • Heinrich von Ofterdingen : Find
    • b
    • Ciąg dalszy tytułu (NP)
    • ein Roman / Find
    • c
    • Pozostałe elementy strefy tytułu i oznaczenia odpowiedzialności (NP)
    • Novalis (Friedrich von Hardenberg) ; hrsg. von Wolfgang Frühwald.
260 -Strefa adresu wydawniczego [ , ]
    • a
    • Miejsce wydania (P)
    • Stuttgart :
    • b
    • Nazwa wydawcy (P)
    • Philipp Reclam jun.,
    • c
    • Data wydania (P)
    • 1991.
300 -Strefa opisu fizycznego [ , ]
    • a
    • Określenie formy książki i/lub objętość (NP)
    • 254, [1] s. ;
    • c
    • Format (NP)
    • 15 cm.
336 -Typ zawartości [ , ]
    • a
    • Termin opisujący typ zawartości
    • Tekst
    • b
    • Kod określający zawartość
    • txt
    • 2
    • Źródło (terminu i kodu)
    • rdacontent
337 -Typ mediów [ , ]
    • a
    • Tryb odtwarzania
    • Bez urządzenia pośredniczącego
    • b
    • Kod typu mediów
    • n
    • 2
    • Źródło (terminu i kodu)
    • rdamedia
338 -Typ/rodzaj nośnika [ , ]
    • a
    • Hasło opisujące typ nośnika
    • Wolumin
    • b
    • Kod typu nośnika
    • nc
    • 2
    • Źródło (terminu i kodu)
    • rdacarrier
490 -Strefa serii i książki wielotomowej - forma nie do wyszukiwania [1, ]
    • a
    • Tytuł (P)
    • Universal-Bibliothek ; Find
    • v
    • Numeracja (P)
    • Nr. 8939 [3]
830 -Hasło dodatkowe serii i opisu książki wielotomowej - tytuł ujednolicony/tytuł [ ,0]
    • a
    • Tytuł ujednolicony/tytuł (NP)
    • Reclams Universal-Bibliothek
    • x
    • ISSN
    • 0722-8511
    • v
    • Oznaczenie tomu (NP)
    • Bd. 8939 [3]
    • 9
    • KHW
    • 12680
504 -Uwaga dot. bibliogr. załącznikowej [ , ]
    • a
    • Uwaga dot. bibliografii załącznikowej
    • Bibliogr. s. 225-234.
080 -Uniwersalna Klasyfikacja Dziesiętna [ , ]
    • a
    • Symbol klasyfikacji
    • 830-31=30
600 -Hasło przedmiotowe w formie nazwy osobowej [0,7]
    • a
    • Nazwa osobowa
    • Novalis
    • d
    • Daty związane z nazwą
    • (1772-1801).
    • t
    • Tytuł
    • Heinrich von Ofterdingen
    • 2
    • Źródło terminu
    • kaba
    • 9
    • KHW
    • 328220
655 -Hasło w funkcji tematu formalnego [ ,7]
    • a
    • Hasło
    • Powieść niemiecka
    • y
    • Określnik chronologiczny
    • 18 w.
    • 2
    • Źródło terminu
    • kaba
    • 9
    • KHW
    • 187293
980 -Symbol UKD [ , ]
    • a
    • UKD
    • 830-31=30
700 -Hasło dodatkowe - nazwa osobowa [1, ]
    • a
    • Nazwa osobowa (NP)
    • Frühwald, Wolfgang Find
    • d
    • Daty biograficzne (NP)
    • (1935- ).
    • e
    • Określenie rodzaju współpracy
    • Red.
    • 9
    • KHW
    • 63197
920 -ISBN [ , ]
    • a
    • ISBN
    • 3-15-008939-5 Find
Sygnatura Numer inwentarzowy Status udost. Data inwentaryzacji Lokalizacja
Germ. Literatura niemieckaG.9495-31994-01-18BM
Germ. Literatura niemieckaG.9496-31994-01-18BM
Germ. Literatura niemieckaG.9497-31994-01-18BM
Germ. Literatura niemieckaG.9498-31994-01-18BM
Germ. Literatura niemieckaG.9499-31994-01-18BM